Регионална библиотека "Любен Каравелов" - Русе

Анализ на стопанската дейност на туристическите предприятия (Запис номер 181906)

MARC детайли
000 -Лидер
Контролно поле с фиксирана дължина 01806nam a2200361 a 4500
003 - Код на организацията, давaща контролен номер
Контролно поле BLK
005 - Дата и час на последна редакция
Контролно поле 20250605164721.0
008 - Елементи от данни с фиксирана дължина
fixed length control field 180411b bul|||||r ||||||| ||bul||
010 ## - Наследен системен номер
LC control number KNG00190819000
040 ## - Източник на каталожния запис
Идентификатор на билиотеката - собственик на записа BLK
041 ## - Код за език
Код за езика на текст/звукозапис или на отделно заглавие Български
Код за езика КДБФ Български
080 ## - УДК
Текстов определител УДК Туризмът от стопанско гледище. Политика по отношение на туризма. Икономика и организация на туризма. Вътрешен и международен туризъм. Вж и 379.8
УДК код - определител по УДК 338.48
УДК - код + определител 338.48
100 ## - Редна дума - Автор
Автор Георгиев, Асен Георгиев
Титли или други наименования, свързани с автора Бълг. филолог, прев. от англ. и немски език; гл. ред. на сп. Библиотека
Дати, свързани с автора 1953 -
R(LIN) 367673
139 ## - Редно поле
Редна дума Георгиев, Асен Георгиев
Авторски знак Георгиев - Г 37
245 10 - Сведения за заглавието
Заглавие Анализ на стопанската дейност на туристическите предприятия
Подзаглавни данни [Учебник за студентите от ВИНС Д. Благоев - Варна]
Редно поле (дума) Асен Георгиев Георгиев.
257 ## - Страна на издаване
Страна на създаване/издаване България
260 ## - Област на издателските данни
Име на издателя, разпространителя и проч. ВИНС Димитър Благоев
Година на издаване 1974
Място на издаване, разпространение и проч. Варна
300 ## - Физическа характеристика
Страници 196 с.
Илюстрации и др. с табл.
Размери/Мащаб 20 см
380 ## - Жанр
Жанр Обществени науки
650 #4 - Допълнително описание по предмет – тема
Основно описание – тема или топоним Туризъм - България
9 (RLIN) 264503
650 #4 - Допълнително описание по предмет – тема
Основно описание – тема или топоним Стопанска дейност - организационни форми - България
9 (RLIN) 282558
653 ## - Ключова дума – ненормативна
Ключова дума туризъм
653 ## - Ключова дума – ненормативна
Ключова дума стопанска дейност
852 ## - Местоположение
Форматна сигнатура Цб 74145
Фондова буква Хранилище
856 4# - Електронен адрес и достъп
Електронен формат pdf - файл
856 4# - Електронен адрес и достъп
Електронен формат pdf - файл
999 ## - СИСТЕМНИ КОНТРОЛНИ НОМЕРА
Koha biblionumber 181906
Koha biblioitemnumber 181906
942 ## - АРТИКУЛИ
Вид на библиотечния материал Книги
Скрит в OPAC Не
Периодичен библиозапис Да
944 ## - СЪЗДАВАНЕ И РЕДАКЦИЯ на ЗАПИСА
Създаване/Редакция Създаване
Дата на регистрацията/редакция 20.09.2016
Служител, извършил регистрацията/редакцията 30540
Статус, дата на статуса Севдалина Тодорова
944 ## - СЪЗДАВАНЕ И РЕДАКЦИЯ на ЗАПИСА
Създаване/Редакция Редакция
Дата на регистрацията/редакция 20.09.2016
Служител, извършил регистрацията/редакцията Ирена_Линкова
944 ## - СЪЗДАВАНЕ И РЕДАКЦИЯ на ЗАПИСА
Създаване/Редакция Редакция
Дата на регистрацията/редакция 2022-09-19
Служител, извършил регистрацията/редакцията Микаела Микова-Илиева
999 ## - СИСТЕМНИ КОНТРОЛНИ НОМЕРА
Koha biblioitemnumber 181906
999 ## - СИСТЕМНИ КОНТРОЛНИ НОМЕРА
Koha biblioitemnumber 181906
Наличности
Код за отписване Код за изгубен артикул Източник на класификационната схема Код за повреда Коз за рестрикции Код за отдаване Артикулен № Име на библиотеката - собственик Име на библиотеката, в която се намира в момента Статус (Текущо местоположение) Дата на вписване в системата Местоположение - отдел Цена в лева Инвентарен номер Систематично азбучна сигнатура Баркод Номер на екземпляра Цена в евро Служебна бележка Служебен тип на артикула Бележка за публиката
  Не е изгубен Universal Decimal Classification Не е повреден само за читалня ползва се в читалня 311715 Регионална библиотека "Любен Каравелов" Русе Регионална библиотека "Любен Каравелов" Русе Хранилище 1974-01-01 Хранилище 0.00 175762 Цб 74145 120000175762 1 0.00 Дост: Dp Вид: Д N: сф Дата: 01.01.1974 Книги  
Изтеглен Не е изгубен   Не е повреден без рестрикции заемане за дома 311716 Регионална библиотека "Любен Каравелов" Русе Регионална библиотека "Любен Каравелов" Русе   1974-01-01 Заемна - подръчен фонд 0.58 179954 П 338.4/Г 37 179954 2 0.30 Дост: Pk Вид: Ф N: сф Дата: 01.01.1974 Книги Отч.N: 29/2018 , Дата: 28.03.2018
Изтеглен Не е изгубен   Не е повреден без рестрикции заемане за дома 311717 Регионална библиотека "Любен Каравелов" Русе Регионална библиотека "Любен Каравелов" Русе   1974-01-01 Заемна - подръчен фонд 0.58 179955 П 338.4/Г 37 179955 3 0.30 Дост: Pk Вид: Ф N: сф Дата: 01.01.1974 Книги Отч.N: 29/2018 , Дата: 28.03.2018
Vip Innovations Ltd, Rousse, Bulgaria 2025